[Event "EU-chT (Men)"]
[Site "Pula"]
[Date "1997.??.??"]
[Round "3"]
[White "Oll, Lembit"]
[Black "Zvjaginsev, Vadim"]
[Result "0-1"]
[WhiteElo "2625"]
[BlackElo "2610"]

1.e4 c5 2.Nf3 e6 3.d4 cxd4 4.Nxd4 Nc6 5.Nc3 d6 6.Be2 Nf6 7.f4 Be7 8.O-O O-O
9.Kh1 Bd7 10.Nb3 Rc8 11.Be3 a6 12.a4 Na5 13.Nd2 Be8 14.Bd3 d5 15.e5 Nd7 16.Ne2 Nc5
17.Bxh7+ Kxh7 18.b4 Nc4 19.Nxc4 dxc4 20.Qxd8 Rxd8 21.bxc5 Rc8 22.Rfb1 Bxc5
23.Bxc5 Rxc5 24.Rxb7 Bc6 25.Ra7 Rd8 26.c3 Rd2 27.Re1 Ra5 28.Rxf7 Rxa4 29.Kg1 Raa2
30.Kf2 Be8  0-1

[Event "EU-chT (Men)"]
[Site "Pula"]
[Date "1997.??.??"]
[Round "4"]
[White "Felsberger, Alfred"]
[Black "Grabliauskas, Virginijus"]
[Result "0-1"]
[WhiteElo "2395"]
[BlackElo "2435"]

1.e4 c5 2.Nf3 e6 3.d4 cxd4 4.Nxd4 Nc6 5.Nc3 Qc7 6.Be2 a6 7.O-O Nf6 8.Kh1 Nxd4
9.Qxd4 Bc5 10.Qd3 b5 11.f4 Bb7 12.Bf3 h5 13.e5 Ng4 14.Bxb7 Qxb7 15.Ne4 Be7
16.b3 Rc8 17.Bb2 Nh6 18.Rac1 Nf5 19.Rfd1 h4 20.c4 bxc4 21.bxc4 h3 22.g4 Rh4
23.gxf5 Rxf4 24.fxe6 dxe6 25.Qxh3 Qxe4+ 26.Qg2 Qxg2+ 27.Kxg2 Rfxc4 28.Rxc4 Rxc4
29.Rd2 f5 30.Kg3 Ra4 31.Rd3 Rxa2 32.Rb3 Ra4 33.Rb8+ Kf7  0-1

[Event "EU-chT (Women)"]
[Site "Pula"]
[Date "1997.??.??"]
[Round "4"]
[White "Koskoska, Gabriela"]
[Black "Sziva, Erika"]
[Result "1-0"]
[WhiteElo "2220"]
[BlackElo "2275"]

1.e4 c5 2.Nf3 e6 3.d4 cxd4 4.Nxd4 Nc6 5.Nc3 Qc7 6.Be3 a6 7.Bd3 b5 8.Nxc6 Qxc6
9.O-O Bb7 10.Kh1 Nf6 11.f3 Bd6 12.Qe2 Qc7 13.f4 b4 14.e5 bxc3 15.exd6 Qxd6
16.bxc3 Nd5 17.Bd2 Ne7 18.Rab1 Bc6 19.c4 a5 20.f5 e5 21.Bc3 f6 22.Qh5+ Kd8
23.Qh4 Qc5 24.Rbe1 Kc7 25.Qg3 d6 26.Qxg7 Kd7 27.Qxf6 Rag8 28.Qe6+ Kd8 29.Be4 Bd7
30.Qf6 Rf8 31.Qh4 d5 32.Bxd5  1-0

[Event "Pula op"]
[Site "Pula"]
[Date "1997.??.??"]
[Round "5"]
[White "Fercec, Nenad"]
[Black "Drei, Andrea"]
[Result "1/2-1/2"]
[WhiteElo "2430"]
[BlackElo "2305"]

1.e4 c5 2.Nf3 e6 3.d4 cxd4 4.Nxd4 Nc6 5.Nc3 Qc7 6.Be2 a6 7.O-O Nf6 8.Kh1 Be7
9.f4 d6 10.Be3 O-O 11.Qe1 Bd7 12.Qg3 Nxd4 13.Bxd4 Bc6 14.Rae1 b5 15.a3 Qb7
16.Bd3 g6 17.f5 e5 18.Be3 Rfe8 19.Bg5 Nh5 20.Qh4 Bxg5 21.Qxg5 f6 22.Qh4 Qf7
23.Be2 Nf4 24.Bg4 Kg7 25.Qf2 a5 26.fxg6 hxg6 27.Qb6 Qb7 28.Qxb7+ Bxb7 29.Nxb5 Red8
30.Nc7 Rab8 31.g3 Bc8 32.Bf3 Rb7 33.gxf4 Rxc7 34.fxe5 dxe5 35.c3 Rd2 36.Re2 Rxe2
37.Bxe2 Bb7 38.Bf3 Rd7 39.Kg2 Rd3 40.Rf2 Re3 41.Rd2 Bxe4 42.Bxe4 Rxe4 43.b4 axb4
44.cxb4 Re3 45.a4 Rb3 46.b5 Rb4 47.Ra2 f5 48.a5 Rxb5 49.a6 Rb8 50.a7 Ra8
51.Ra6 Kh6 52.h4 Kh5 53.Kg3 f4+ 54.Kh3 g5 55.hxg5 Kxg5 56.Ra5 Kf5 57.Ra4 f3
58.Kg3 e4 59.Ra5+ Ke6 60.Kf2  1/2-1/2

[Event "EU-chT (Men)"]
[Site "Pula"]
[Date "1997.??.??"]
[Round "6"]
[White "Palac, Mladen"]
[Black "Zvjaginsev, Vadim"]
[Result "1-0"]
[WhiteElo "2595"]
[BlackElo "2610"]

1.e4 c5 2.Nf3 e6 3.d4 cxd4 4.Nxd4 Nc6 5.Nc3 d6 6.Be3 Nf6 7.f4 Be7 8.Qf3 e5
9.Nxc6 bxc6 10.f5 a5 11.Bc4 a4 12.a3 Qa5 13.Bd2 Qb6 14.g4 h6 15.h4 h5 16.g5 Ng4
17.O-O-O Qf2 18.Rhf1 Qxf3 19.Rxf3 f6 20.g6 Bd8 21.Be1 Bc7 22.Bf7+ Ke7 23.Ne2 Bb7
24.Ng3 Ba5 25.Bb4 c5 26.Bxa5 Rxa5 27.Rd2 Ra6 28.Bc4 Rb6 29.Be2 Ba8 30.c4 Bb7
31.Bd1 Ra6 32.Rfd3 Ba8 33.Rc3 Kd7 34.Rcd3 Ke7 35.Bf3 Bb7 36.Kb1 Rb6 37.Bd1 Ra6
38.Bc2 Kd7 39.Rf3 Ke7 40.Rfd3 Kd7 41.Kc1 Ke7 42.Bd1 Kd7 43.Bf3 Ke7 44.Kd1 Rb6
45.Ke1 Kd7 46.Bd1 Ra6 47.Kf1 Ke7 48.Kg2 Kd7 49.Kh3 Ke7 50.Bxg4 hxg4+ 51.Kxg4 Rb6
52.b4 cxb4 53.c5 Rb5 54.Rxd6  1-0

[Event "EU-chT (Women)"]
[Site "Pula"]
[Date "1997.??.??"]
[Round "6"]
[White "Grabarska, Barbara"]
[Black "Arakhamia, Ketevan"]
[Result "1/2-1/2"]
[WhiteElo "2135"]
[BlackElo "2490"]

1.e4 c5 2.Nf3 e6 3.d4 cxd4 4.Nxd4 Nc6 5.Nc3 d6 6.Be3 Nf6 7.f3 Be7 8.Qd2 O-O
9.O-O-O a6 10.g4 Nxd4 11.Bxd4 Nd7 12.h4 b5 13.Qf2 Bb7 14.Kb1 Qc7 15.g5 b4
16.Na4 Nc5 17.Nxc5 dxc5 18.Be3 c4 19.h5 a5 20.Bh3 Ra6 21.Qh2 Bd6 22.Qg2 Be5
23.Rhf1 f5 24.gxf6 Bxf6 25.Bd4 e5 26.Be3 Bc8 27.Rd5 c3 28.Rfd1 Bxh3 29.Qxh3 cxb2
30.Rc5 Rc6 31.Rdd5  1/2-1/2

[Event "EU-chT (Men)"]
[Site "Pula"]
[Date "1997.??.??"]
[Round "7"]
[White "Lutz, Christopher"]
[Black "Grabliauskas, Virginijus"]
[Result "1/2-1/2"]
[WhiteElo "2555"]
[BlackElo "2435"]

1.e4 c5 2.Nf3 e6 3.d4 cxd4 4.Nxd4 Nc6 5.Nc3 Qc7 6.Be2 a6 7.O-O Nf6 8.Kh1 Nxd4
9.Qxd4 Bc5 10.Qd3 b5 11.f4 Bb7 12.Bf3 h5 13.e5 Ng4 14.Bxb7 Qxb7 15.Ne4 Be7
16.b3 Rc8 17.Bb2 Nh6 18.Qf3 Qb8 19.Rf2 Nf5 20.Rd1 h4 21.Rd3 Rc7 22.Rfd2 b4
23.Kg1 Qa7+ 24.Qf2 Qb7 25.Qf3 a5 26.c4 bxc3 27.Bxc3 a4 28.Rd1 O-O 29.Be1 axb3
30.axb3 Ra8 31.Bf2 Ra2 32.g4 hxg3 33.hxg3 Nh6 34.Nc3 Qxf3 35.Rxf3 Rb2 36.Na4 Re2
37.Re3 Ra2 38.Rc3 Rxc3 39.Nxc3 Rb2 40.Rxd7 Rxb3 41.Ne4 Ba3 42.Ng5 Rb8 43.Ba7 Re8
44.Kg2 Be7 45.Ne4 Ng4 46.Kh3 f5 47.exf6  1/2-1/2

[Event "EU-chT (Men)"]
[Site "Pula"]
[Date "1997.??.??"]
[Round "8"]
[White "Hurley, John"]
[Black "Sideif Sade, Fikret I"]
[Result "0-1"]
[WhiteElo "2195"]
[BlackElo "2435"]

1.e4 c5 2.Nf3 e6 3.d4 cxd4 4.Nxd4 Nc6 5.Nc3 Qc7 6.Be3 a6 7.f4 b5 8.Nxc6 Qxc6
9.Be2 Bb7 10.Bf3 Rc8 11.e5 Qc7 12.O-O Ne7 13.Rc1 Nf5 14.Bf2 Bc5 15.Bxb7 Qxb7
16.Bxc5 Rxc5 17.Qf3 Qxf3 18.Rxf3 Ke7 19.Rd3 h5 20.Rcd1 Rd8 21.R1d2 d5 22.Ne2 a5
23.Nd4 Nxd4 24.Rxd4 b4 25.a3 bxa3 26.bxa3 Rb8 27.Ra4 Rb2 28.Kf1 g6 29.Kf2 Rbxc2
30.Rxc2 Rxc2+ 31.Kf3 Rc5 32.g3 Kd7  0-1

[Event "Pula op"]
[Site "Pula"]
[Date "1997.??.??"]
[Round "8"]
[White "Jovanic, Ognjen"]
[Black "Sale, Srdjan"]
[Result "0-1"]
[WhiteElo "2260"]
[BlackElo "2425"]

1.e4 c5 2.Nf3 e6 3.d4 cxd4 4.Nxd4 Nc6 5.Nc3 a6 6.Be3 Qc7 7.Be2 Nge7 8.O-O Ng6
9.Nxc6 bxc6 10.f4 Be7 11.f5 Ne5 12.Qe1 O-O 13.Qg3 Kh8 14.Kh1 d6 15.Rad1 Rb8
16.b3 Bf6 17.Bg5 Bxg5 18.Qxg5 f6 19.Qh4 Rg8 20.Na4 a5 21.Bg4 Re8 22.c4 Rb4
23.fxe6 Bxe6 24.Bxe6 Rxe6 25.Qh3 Qe7 26.Nc3 Nd7 27.Rd4 Nc5 28.Qf3 Rb8 29.h3 Re5
30.Rfd1 Rd8 31.Qg3 Rg5 32.Qf2 Re5 33.Qg3 h6 34.Kg1 Kh7 35.Kh1 Rg5 36.Qf2 Qe5
37.Qc2 Kg8 38.Qf2 Ne6 39.R4d3 Nc5 40.Rd4 Kh8 41.Qd2 Kg8 42.Rf1 h5 43.Rf5 Rxf5
44.exf5 Kf7 45.Rf4 Re8 46.Rf2 Qe3 47.Qc2 Qd4 48.Qd2 Qxd2 49.Rxd2 Re3 50.Nd1 Re1+
51.Kh2 Ne4 52.Rd3 Ke7 53.Re3 Rxe3 54.Nxe3 h4 55.Kg1 Nc3 56.a3 d5 57.cxd5 cxd5
58.Nc2 Kd6 59.Nd4 Nb1 60.Kf2 Nxa3 61.Ke3 Kc5 62.Kd3 Nb5 63.Ne6+ Kb4 64.Kc2 d4
65.Nxg7 d3+ 66.Kxd3 Kxb3 67.Ne6 Nd6 68.Nd4+ Kb2 69.Nc6 a4 70.Nb4 a3 71.Ke3 Nxf5+
72.Kf4 Nd4 73.Kg4 Ne2  0-1

[Event "EU-chT (Men)"]
[Site "Pula"]
[Date "1997.??.??"]
[Round "9"]
[White "Magem Badals, Jorge"]
[Black "Cummings, David H"]
[Result "1/2-1/2"]
[WhiteElo "2570"]
[BlackElo "2375"]

1.e4 c5 2.Nf3 e6 3.d4 cxd4 4.Nxd4 Nc6 5.Nc3 Qc7 6.Be2 a6 7.O-O Nf6 8.Be3 Bb4
9.Nxc6 bxc6 10.Qd4 Bd6 11.f4 e5 12.Qd2 Rb8 13.Rad1 exf4 14.Qxd6 Qxd6 15.Rxd6 fxe3
16.e5 Nd5 17.Nxd5 cxd5 18.b3 Bb7 19.Bf3 Ke7 20.Bxd5 Bxd5 21.Rxd5 Rb5 22.Rfd1 Rc8
23.c4 e2 24.Rxd7+ Ke8 25.cxb5 exd1=Q+ 26.Rxd1 axb5 27.a4 Rc3 28.Rb1 bxa4
29.bxa4 Ra3 30.Rb4 Ke7 31.Kf2 h5 32.h4  1/2-1/2

[Event "EU-chT (Women)"]
[Site "Pula"]
[Date "1997.??.??"]
[Round "9"]
[White "Hitzgerova, Gabriela"]
[Black "Sziva, Erika"]
[Result "1/2-1/2"]
[WhiteElo "2170"]
[BlackElo "2275"]

1.e4 c5 2.Nf3 e6 3.d4 cxd4 4.Nxd4 Nc6 5.Nc3 Qc7 6.g3 a6 7.Bg2 Nf6 8.O-O Bc5
9.Nb3 Ba7 10.Bf4 Ne5 11.Qe2 d6 12.Rad1 Bd7 13.a4 h6 14.Nd2 Rc8 15.Be3 Bxe3
16.Qxe3 O-O 17.h3 b5 18.axb5 axb5 19.f4 Ng6 20.Rc1 b4 21.Nd1 Qb8 22.Qf2 Bb5
23.Re1 Nd7 24.Nb3 e5 25.Ne3 Ne7 26.Rcd1 Qb6 27.Rd2 Ba6 28.Red1 Rc6 29.Kh2 Rb8
30.Bf3 Nf6 31.Rg1 Bb7 32.Rgd1 Rbc8 33.Bg2 Qc7 34.Bf3 Ra6 35.Qg2 Ba8 36.Rd3 Re8
37.Nd2 Rc6 38.b3 exf4 39.gxf4 d5 40.e5 Ne4 41.Nxe4 dxe4 42.Bxe4 Ra6 43.Rd6 Bxe4
44.Qxe4 Qa7 45.Rd8 Kf8 46.Qd3 f6 47.Ng4 Rc6 48.exf6 gxf6 49.Rxe8+ Kxe8 50.Qd8+ Kf7
51.Nxh6+ Kg6 52.Rg1+ Kh7 53.Rg2 Qe3 54.Qb8 Rc3 55.Ng4 Qxh3+ 56.Kg1 Rg3 57.Nxf6+ Kg6
58.f5+ Nxf5 59.Rxg3+ Nxg3 60.Qb6 Kg5 61.Nd5 Qh1+ 62.Kf2 Qxd5 63.Kxg3 Qe5+
64.Kf2 Qf5+ 65.Ke1 Qxc2 66.Qb5+ Kf6 67.Qxb4 Ke6 68.Qc4+ Qxc4 69.bxc4 Ke5  1/2-1/2

[Event "Recklinghausen"]
[Site "Recklinghausen"]
[Date "1997.??.??"]
[Round "7"]
[White "Kummerow, Heiko"]
[Black "Mainka, Romuald"]
[Result "0-1"]
[WhiteElo "2300"]
[BlackElo "2520"]

1.e4 c5 2.Nf3 Nc6 3.d4 cxd4 4.Nxd4 e6 5.Nc3 a6 6.Nxc6 bxc6 7.Bd3 d5 8.O-O Nf6
9.Re1 Bb7 10.Bg5 Be7 11.e5 Nd7 12.Bxe7 Qxe7 13.Na4 O-O 14.Re3 f5 15.f4 Kh8
16.Rg3 Rg8 17.Qd2 c5 18.c4 d4 19.b4 cxb4 20.Bf1 Bc6 21.Nb2 Nc5 22.Qxb4 Rab8
23.Qa3 Qa7 24.Nd3 Ne4 25.Rh3 g5 26.fxg5 Rxg5 27.c5 Rbg8 28.Nb4 Ba8 29.Qxa6 Qxc5
30.Nd3 Qc2 31.Ne1 Qf2+ 32.Kh1 Qb2  0-1

[Event "Recklinghausen"]
[Site "Recklinghausen"]
[Date "1997.??.??"]
[Round "8"]
[White "Mainka, Romuald"]
[Black "Bischoff, Klaus"]
[Result "0-1"]
[WhiteElo "2520"]
[BlackElo "2535"]

1.e4 c5 2.Nf3 e6 3.d4 cxd4 4.Nxd4 Nc6 5.Nc3 Qc7 6.Be3 a6 7.Bd3 Nf6 8.O-O h5
9.h3 Nxd4 10.Bxd4 Bc5 11.Be2 d6 12.Bxf6 gxf6 13.Bxh5 b5 14.Bg4 Bb7 15.Qd3 Ke7
16.Rad1 Rag8 17.Qe2 Ba7 18.Rd3 b4 19.Nd1 a5 20.Ne3 Ba6 21.c4 bxc3 22.Rxc3 Qxc3
23.Qxa6 Qc7 24.Nc4 Rxg4 25.hxg4 d5 26.Nd6 Bb6 27.e5 fxe5 28.Nb5 Qc6  0-1

[Event "WchT U26"]
[Site "Roque Saenz Pena"]
[Date "1997.??.??"]
[Round "4"]
[White "Llorens, Marcelo"]
[Black "Muniz, Rafael"]
[Result "0-1"]
[WhiteElo "2235"]
[BlackElo "2090"]

1.e4 c5 2.Nf3 Nc6 3.Nc3 e6 4.d4 cxd4 5.Nxd4 Nf6 6.Ndb5 d6 7.Bf4 e5 8.Bg5 a6
9.Na3 b5 10.Bxf6 gxf6 11.Nd5 Bg7 12.c3 f5 13.exf5 Bxf5 14.Nc2 O-O 15.Nce3 Be6
16.Bd3 f5 17.Bc2 f4 18.Nf1 Bf5 19.Nd2 Qg5 20.Bxf5 Qxf5 21.f3 e4 22.Nxe4 Rae8
23.O-O Bd4+ 24.cxd4 Qxd5 25.Kh1 Nxd4 26.a4 Qe5 27.axb5 axb5 28.b4 Nf5 29.Ra7 d5
30.Nf2 Ne3 31.Qb1 Qh5 32.Rc1 Nc4 33.Ng4 Re2 34.Qa1 Qg6 35.Qd4 Rd2 36.Qc5 h5
37.Nf2 Ne3 38.Rg1 Rxf2 39.g3 Rc2 40.Qe7 fxg3 41.hxg3 Nf5 42.Qe5 Qd6 43.Rg7+ Kh8
44.Qxd6 Nxd6 45.Rg5 Rf5 46.Rg6 Nc4 47.Re1 Kh7 48.Rc6 Rf7 49.f4 d4 50.Rc5 d3
51.Rxh5+ Kg7 52.Rd5 Re2  0-1

[Event "WchT U26"]
[Site "Roque Saenz Pena"]
[Date "1997.??.??"]
[Round "5"]
[White "Kotsur, Pavel"]
[Black "Spangenberg, Hugo"]
[Result "0-1"]
[WhiteElo "2500"]
[BlackElo "2565"]

1.e4 c5 2.Nf3 e6 3.d4 cxd4 4.Nxd4 Nc6 5.Nc3 Nf6 6.a3 Qc7 7.Be2 a6 8.O-O Bc5
9.Nb3 Ba7 10.Kh1 b5 11.f4 d6 12.Qd3 O-O 13.Be3 Bxe3 14.Qxe3 Bb7 15.Rad1 Rfd8
16.Rd2 Rac8 17.Rfd1 h6 18.Bxb5 axb5 19.Nxb5 Ng4 20.Qg1 Qe7 21.Nxd6 Rxd6 22.Rxd6 Qh4
23.R1d2 Ne7 24.R6d4 f5 25.g3 Qh5 26.Nc5 Bc6 27.Rd6 fxe4 28.Rxc6 Rxc6 29.Nxe4 Nd5
30.c3 Qf5 31.Re2 e5 32.h3 Nge3 33.Nf2 exf4 34.gxf4 Rg6 35.Ng4  0-1

[Event "WchT U26"]
[Site "Roque Saenz Pena"]
[Date "1997.??.??"]
[Round "7"]
[White "Figari, Esteban"]
[Black "Muniz, Rafael"]
[Result "1/2-1/2"]
[WhiteElo "2045"]
[BlackElo "2090"]

1.e4 c5 2.Nf3 Nc6 3.Nc3 e6 4.d4 cxd4 5.Nxd4 Nf6 6.Be3 Bb4 7.Bd3 d5 8.Nxc6 bxc6
9.exd5 cxd5 10.O-O O-O 11.Bg5 Be7 12.Qf3 h6 13.Bf4 Bb7 14.Rad1 Qb6 15.Qh3 Ne4
16.Nxe4 dxe4 17.Bc4 Rad8 18.Qg3 Rxd1 19.Rxd1 Rd8 20.Rxd8+ Qxd8 21.Be2 Kh7
22.Qb3 Bc6 23.Kf1 Bg5 24.Be3 Qa5 25.a3 Qe5 26.Bxg5 Qxh2 27.Ke1 hxg5 28.Qe3 Qe5
29.c3 a6 30.Qb6 Ba4 31.g3 Bc2 32.Kd2 Ba4 33.Ke3 f5 34.Bc4 f4+ 35.Ke2 fxg3
36.fxg3 Qxg3 37.Qxe6 Qf3+ 38.Ke1 Qe3+ 39.Kf1 Qc1+ 40.Kf2 Qxb2+ 41.Be2 Qc2
42.Qf5+ Kh6  1/2-1/2

[Event "Saint Affrique op"]
[Site "Saint Affrique"]
[Date "1997.??.??"]
[Round "3"]
[White "Carpentier, Pierre"]
[Black "Marciano, David"]
[Result "0-1"]
[WhiteElo "2200"]
[BlackElo "2470"]

1.e4 c5 2.Nf3 e6 3.d4 cxd4 4.Nxd4 Nc6 5.Nc3 Qc7 6.f4 a6 7.Nxc6 Qxc6 8.Bd3 Bc5
9.Qe2 b5 10.Bd2 Bb7 11.O-O-O Ne7 12.a3 O-O-O 13.Rhe1 g6 14.Be3 Bxa3 15.Bd4 Bd6
16.Qf2 b4 17.Nb5 axb5 18.Bxh8 Rxh8 19.Bxb5 Qxb5 20.Rxd6 Kc7 21.Red1 Rd8 22.Qd2 Bxe4
23.Rd4 Bc6 24.Rxb4 Qc5 25.Rd4 Nd5 26.c4 Nb4 27.Qe3 d6 28.g4 Ra8 29.Kd2 h5
30.Ke2 hxg4  0-1

[Event "Saint Affrique op"]
[Site "Saint Affrique"]
[Date "1997.??.??"]
[Round "5"]
[White "Carpentier, Pierre"]
[Black "Kogan, Artur"]
[Result "0-1"]
[WhiteElo "2200"]
[BlackElo "2500"]

1.e4 c5 2.Nf3 Nc6 3.Nc3 e6 4.d4 cxd4 5.Nxd4 Qc7 6.f4 a6 7.Nxc6 Qxc6 8.Bd3 b5
9.Qe2 Bb7 10.Bd2 Nf6 11.a3 Bc5 12.O-O-O d5 13.exd5 Nxd5 14.Nxb5 O-O 15.Nc3 Rfe8
16.Ne4 Bd4 17.Ng5 g6 18.h4 e5 19.fxe5 Rxe5 20.Qf3 f6 21.Nxh7 Qb6 22.c3 Nxc3
23.Nxf6+ Kg7 24.Bh6+ Kh8  0-1

[Event "Mechanics"]
[Site "San Francisco"]
[Date "1997.??.??"]
[Round "2"]
[White "Stein, Aleksander"]
[Black "Frias, Victor J"]
[Result "0-1"]
[WhiteElo "2295"]
[BlackElo "2515"]

1.e4 c5 2.Nf3 e6 3.d4 cxd4 4.Nxd4 Nc6 5.Nc3 a6 6.Be2 Qc7 7.O-O Nf6 8.Kh1 Bb4
9.f4 Bxc3 10.bxc3 Nxe4 11.Bd3 d5 12.Nxc6 bxc6 13.Ba3 c5 14.c4 O-O 15.cxd5 exd5
16.f5 Nf6 17.Rb1 Re8 18.c4 d4 19.Qf3 Bd7 20.Bc1 Bc6 21.Qh3 Be4 22.Bg5 Bxd3
23.Qxd3 Ne4 24.Bh4 f6 25.Be1 Rab8 26.Kg1 Rxb1 27.Qxb1 h6 28.Qb3 Qd7 29.Qd3 Qa4
30.Bh4 Re5 31.h3 Kh7 32.Re1 Qe8 33.Qf3 Nd2  0-1

[Event "Mechanics"]
[Site "San Francisco"]
[Date "1997.??.??"]
[Round "4"]
[White "Fedorowicz, John P"]
[Black "Frias, Victor J"]
[Result "1/2-1/2"]
[WhiteElo "2510"]
[BlackElo "2515"]

1.e4 c5 2.Nf3 e6 3.d4 cxd4 4.Nxd4 Nc6 5.Nc3 a6 6.Nxc6 bxc6 7.Bd3 d5 8.O-O Nf6
9.Re1 Bb7 10.Bf4 Be7 11.Qf3 a5 12.exd5 cxd5 13.Bb5+ Kf8 14.a4 Rc8 15.Be5 Bd6
16.Bd4 Qc7 17.Bxf6 gxf6 18.Qxf6 Rg8 19.Rxe6 Rg6 20.Qh8+ Rg8 21.Qf6  1/2-1/2

[Event "Navarro mem"]
[Site "Santiago de Chile"]
[Date "1997.??.??"]
[Round "6"]
[White "Zapata, Marco"]
[Black "Arancibia, Eduardo"]
[Result "0-1"]
[WhiteElo "2265"]
[BlackElo "2250"]

1.e4 c5 2.Nf3 e6 3.d4 cxd4 4.Nxd4 Nc6 5.Nc3 a6 6.g3 Qc7 7.Bg2 Nf6 8.O-O Bc5
9.Nxc6 bxc6 10.Re1 e5 11.Na4 Be7 12.c4 d6 13.b3 O-O 14.Be3 c5 15.h3 h6 16.Qd3 Bb7
17.Rac1 Rab8 18.Nc3 Bc6 19.Red1 Qb7 20.g4 Nh7 21.Rb1 h5 22.Qe2 Rfd8 23.Nd5 hxg4
24.hxg4 Bg5 25.Bf3 Bxd5 26.cxd5 f6 27.Kg2 Kf7 28.Rh1 Rh8 29.Rh5 g6 30.Rh3 Bxe3
31.Rbh1 Kg7 32.Qxe3 Ng5 33.Rxh8 Rxh8 34.Rxh8 Kxh8 35.Be2 a5 36.Bd3 Kg7 37.Qd2 Qa8
38.Bc2 Qh8 39.Qc3 Qc8 40.Kg3 Qd8 41.Kg2 Nf7 42.Qc4 Nh6 43.Kg3 Qc8 44.f3 Nf7
45.Qf1 Ng5 46.Bd1 Qh8 47.Qg2 Qh6 48.Qh2 Nxe4+ 49.fxe4 Qf4+ 50.Kh3 Qf1+ 51.Qg2 Qxd1
52.Kh2 Kh6 53.Qh3+ Kg7 54.Qg2 a4 55.bxa4 Qxa4 56.g5 f5 57.Qb2 Qb4 58.Qxb4 cxb4
59.Kg3 f4+  0-1

[Event "Copa Itau Mercosul"]
[Site "Sao Paulo"]
[Date "1997.??.??"]
[Round "4"]
[White "Pereira, Jorge AV"]
[Black "Dumont, Sadi Glasser"]
[Result "0-1"]
[WhiteElo "2025"]
[BlackElo "2305"]

1.e4 c5 2.Nf3 e6 3.d4 cxd4 4.Nxd4 Nc6 5.Nc3 a6 6.g3 Nf6 7.Bg2 Qc7 8.O-O Nxd4
9.Qxd4 Bc5 10.Qd3 h6 11.b3 e5 12.Na4 d6 13.c4 Bd4 14.Bb2 Bxb2 15.Nxb2 O-O
16.Rfd1 Rd8 17.Na4 Bg4 18.f3 Be6 19.Rac1 Rac8 20.Nc3 Qa5 21.Qd2 b5 22.cxb5 axb5
23.Ne2 Qb6+ 24.Kf1 d5 25.Rxc8 Rxc8 26.Nc3 dxe4 27.Nxe4 Nd5 28.Re1 b4 29.Nf2 Qd4
30.Qe2 Rc3 31.Nd1 Rd3 32.f4 exf4 33.Bxd5 Qxd5  0-1

[Event "Schwaebisch Gmuend op"]
[Site "Schwaebisch Gmuend"]
[Date "1997.??.??"]
[Round "6"]
[White "Krockenberger, Martin"]
[Black "Wieder, Heiner"]
[Result "1-0"]
[WhiteElo "2300"]
[BlackElo "2110"]

1.e4 c5 2.Nc3 e6 3.Nge2 Nc6 4.d4 cxd4 5.Nxd4 d6 6.Be3 Be7 7.Be2 Nf6 8.O-O O-O
9.Kh1 Bd7 10.f4 a6 11.a4 Rc8 12.Nb3 Nb4 13.Bf3 Bc6 14.Qe2 d5 15.e5 Ne4 16.Nd4 Qc7
17.Bg1 Nc5 18.f5 Rfe8 19.Bg4 Bf8 20.f6 Ne4 21.Nf3 g6 22.Bd4 a5 23.Nxe4 dxe4
24.Ng5 e3 25.c3 Nd5 26.Bf3 Nb6 27.Bxc6 Qxc6 28.Qxe3 Nxa4 29.b3 Nc5 30.Rab1 a4
31.bxa4 Nxa4 32.Ne4 h5 33.Nd6 Nxc3 34.Bxc3 Qxc3 35.Qxc3 Rxc3 36.Nxe8  1-0

[Event "Schwaebisch Gmuend op"]
[Site "Schwaebisch Gmuend"]
[Date "1997.??.??"]
[Round "6"]
[White "Heidenfeld, Mark"]
[Black "Milov, Leonid"]
[Result "1/2-1/2"]
[WhiteElo "2320"]
[BlackElo "2455"]

1.e4 c5 2.Nf3 e6 3.d4 cxd4 4.Nxd4 Nc6 5.Nc3 a6 6.g3 d6 7.Bg2 Bd7 8.O-O Nf6
9.b3 Rc8 10.Bb2 Be7 11.h3 b5 12.a3 Qb6 13.Nde2 Ne5 14.Qd4 Qxd4 15.Nxd4 Bd8
16.Rfd1 Bb6 17.Rac1 Ke7 18.Nce2 g5 19.f4 gxf4 20.gxf4 Nc6 21.Kh2 Nxd4 22.Bxd4 Bxd4
23.Nxd4 Rc3 24.e5 dxe5 25.fxe5 Nh5 26.Rf1 Rhc8 27.Rce1 Ng3 28.Rf2 Nf5 29.Nxf5+ exf5
30.Ree2 a5 31.h4 f4 32.Rd2 Be6 33.Bf1 R8c5 34.b4 Rxe5 35.bxa5 Rxa3 36.Rxf4 Rxa5
37.Rb4 Ra4 38.Rxb5 Rxh4+ 39.Kg3 Rg4+ 40.Kf3 Rxb5 41.Bxb5 h5 42.Bc6 Rg5 43.Be4 Rc5
44.Rh2 Bg4+ 45.Ke3 Kd6 46.Kd4 Be6 47.Bd3 Rg5 48.Be2 Bg4 49.Bxg4 Rxg4+ 50.Ke3 h4
51.c3 Ke5 52.Rc2 h3 53.Kf3 Rg6  1/2-1/2

[Event "Schwaebisch Gmuend op"]
[Site "Schwaebisch Gmuend"]
[Date "1997.??.??"]
[Round "8"]
[White "Kais, Edgar"]
[Black "Unrath, Heiko"]
[Result "1/2-1/2"]
[WhiteElo "2035"]
[BlackElo "2280"]

1.e4 c5 2.Nf3 Nc6 3.Nc3 e6 4.d4 cxd4 5.Nxd4 Qc7 6.Be2 a6 7.O-O b5 8.Nxc6 Qxc6
9.e5 d5 10.exd6 Qxd6 11.Bf3 Ra7 12.Be3 Rd7 13.Qe2 Nf6 14.Rfd1 Qc7 15.Bg5 Be7
16.Bxf6 gxf6 17.Rxd7 Bxd7 18.Rd1 f5 19.a3 O-O 20.Nd5 Qd8 21.Nxe7+ Qxe7 22.Qe5 Bc8
23.Rd3 f6 24.Qd4 e5 25.Qd6 Qxd6  1/2-1/2

[Event "Seefeld op"]
[Site "Seefeld"]
[Date "1997.??.??"]
[Round "?"]
[White "Polzin, Rainer"]
[Black "Kroencke, Manfred"]
[Result "1-0"]
[WhiteElo "2445"]
[BlackElo "2185"]

1.e4 c5 2.Nf3 e6 3.d4 cxd4 4.Nxd4 Nc6 5.Nc3 Qc7 6.Be2 a6 7.O-O Nf6 8.Be3 Bb4
9.Na4 O-O 10.c4 Bd6 11.h3 Nxe4 12.Bf3 Nf6 13.Qd2 Rb8 14.c5 Be5 15.Rfd1 Ne7
16.Nb6 Ng6 17.Rac1 Bf4 18.Ne2 Bxe3 19.Qxe3 Nh4 20.Qf4 Nxf3+ 21.gxf3 e5 22.Qe3 Re8
23.Ng3 g6 24.Rd6 Re6 25.Ne4 Ne8 26.Rxe6 dxe6 27.Rd1 f5 28.Nd6 Bd7 29.Qxe5 Ng7
30.f4 Bc6 31.Ndc4 Rd8 32.Rd6 Re8 33.Qd4 Qe7 34.Ne5 Qh4 35.Qe3 Nh5 36.Nxc6 bxc6
37.Rd4 g5 38.fxg5 f4 39.Qf3 Qxg5+ 40.Qg4 Qxg4+ 41.hxg4 e5 42.Rd6 Ng7 43.Nd7 Re6
44.Rxe6 Nxe6 45.Nxe5 Nxc5 46.Nxc6 Kf7 47.b4 Nd3 48.a3 Ke6 49.Nb8 a5 50.bxa5 Kd6
51.a6 Kc7 52.Nd7 Ne1 53.Nf6  1-0

[Event "Seefeld op"]
[Site "Seefeld"]
[Date "1997.??.??"]
[Round "?"]
[White "Schmidt, Juergen"]
[Black "Kroencke, Manfred"]
[Result "1/2-1/2"]
[WhiteElo "2035"]
[BlackElo "2185"]

1.e4 c5 2.Nf3 e6 3.d4 cxd4 4.Nxd4 Nc6 5.Nc3 Qc7 6.Be3 a6 7.Bd3 Nf6 8.Nxc6 bxc6
9.O-O Be7 10.f4 d6 11.Kh1 e5 12.fxe5 dxe5 13.Bg5 Be6 14.Bxf6 Bxf6 15.Qe2 O-O
16.Bc4 Bxc4 17.Qxc4 Qb6 18.Nd1 Qb5 19.Ne3 Bg5 20.Qxb5 axb5 21.Rfe1 Rfd8 22.Nf1 Rd4
23.a3 g6 24.g3 Kf8 25.Kg2 Ke7 26.Kf3 Ke6 27.h4 Bh6 28.Rad1 Rad8 29.Rxd4 Rxd4
30.b3 f5 31.exf5+ gxf5 32.Ra1 Kd6 33.Ne3 Bxe3 34.Kxe3 Rg4 35.Kf2 h5 36.a4 bxa4
37.bxa4 Rc4 38.Ra2 Kc7 39.a5 Kb7 40.a6+ Ka7 41.Ke2 Rc3 42.Kf2 Rc4 43.Kf3 Rc3+
44.Kf2 Rc4 45.Kf3 f4 46.gxf4 Rxf4+ 47.Ke3 Rxh4 48.Ra5 Rh1 49.Rc5 Kxa6 50.Rxc6+ Kb5
51.Re6 Re1+  1/2-1/2

[Event "Seefeld op"]
[Site "Seefeld"]
[Date "1997.??.??"]
[Round "?"]
[White "Polzin, Rainer"]
[Black "Barbero, Gerardo F"]
[Result "0-1"]
[WhiteElo "2445"]
[BlackElo "2435"]

1.e4 c5 2.Nf3 e6 3.d4 cxd4 4.Nxd4 Nc6 5.Nc3 d6 6.f4 Nf6 7.Be3 a6 8.Qf3 Qc7
9.O-O-O Nd7 10.g4 b5 11.g5 Nxd4 12.Bxd4 b4 13.Ne2 Bb7 14.Ng3 Rc8 15.Bd3 e5
16.fxe5 dxe5 17.Be3 Bc5 18.Nf5 O-O 19.h4 Bxe3+ 20.Qxe3 Nc5 21.Kb1 Rfd8 22.h5 b3
23.g6 bxa2+ 24.Kxa2 Nxd3 25.cxd3 fxg6 26.hxg6 hxg6 27.Ng3 Rd4 28.Rc1 Qd6
29.Rxc8+ Bxc8 30.Rd1 Be6+ 31.Kb1 Bc4 32.Kc2 Bb5 33.Ne2 Ba4+ 34.b3 Bxb3+ 35.Kxb3 Qb6+
36.Kc2 Rc4+  0-1

[Event "Seefeld op"]
[Site "Seefeld"]
[Date "1997.??.??"]
[Round "?"]
[White "Mauracher, Dieter"]
[Black "Kroencke, Manfred"]
[Result "1/2-1/2"]
[WhiteElo "1850"]
[BlackElo "2185"]

1.e4 c5 2.Nf3 e6 3.d4 cxd4 4.Nxd4 Nc6 5.Nc3 Qc7 6.Be3 a6 7.Qd2 Nf6 8.f3 Bb4
9.a3 Qa5 10.Nxc6 bxc6 11.Be2 d5 12.e5 Nd7 13.O-O Bc5 14.f4 g6 15.Kh1 Bxe3
16.Qxe3 c5 17.Nd1 Rb8 18.b3 Bb7 19.Nf2 Qb6 20.Ng4 h5 21.Qh3 Qd8 22.Bd3 Qe7
23.Rae1 c4 24.bxc4 Qxa3 25.cxd5 Qf8 26.dxe6 hxg4 27.exd7+ Kxd7 28.Qxg4+ Kc7
29.Be4 Qb4 30.Bxb7 Rxb7 31.Rd1 Kb8 32.Qf3 Rc8 33.Qd3 Rc6 34.h3 a5 35.Rf3 a4
36.c3 Qb3 37.Qd5 Qxd5 38.Rxd5 Rb1+ 39.Kh2 Ra6 40.Rfd3 a3 41.Rd8+ Ka7 42.R3d7+ Rb7
43.Rxb7+ Kxb7 44.Rd1 a2 45.Ra1 Kc6 46.Kg3 Kc5 47.Kg4 Kc4 48.Kg5 Kb3 49.g4 Kb2
50.Rg1 Kxc3 51.f5 gxf5 52.gxf5  1/2-1/2

[Event "BUL-ch"]
[Site "Shumen"]
[Date "1997.??.??"]
[Round "8"]
[White "Petrov, Marijan"]
[Black "Andonov, Bogomil"]
[Result "1-0"]
[WhiteElo "2405"]
[BlackElo "2405"]

1.e4 c5 2.Nf3 Nc6 3.d4 cxd4 4.Nxd4 e6 5.Nc3 Qc7 6.Be3 Nf6 7.Qd2 a6 8.O-O-O Nxd4
9.Qxd4 Ng4 10.Qb6 Qc6 11.Bd4 e5 12.Be3 Nxe3 13.Qxe3 Bc5 14.Qg5 O-O 15.Qxe5 d6
16.Qg3 Be6 17.f4 Rac8 18.f5 Qb6 19.fxe6 Be3+ 20.Kb1 Rxc3 21.Rxd6 Rxc2 22.Kxc2 Qc5+
23.Kd3 fxe6 24.b4 Qxb4 25.Kxe3 Qc5+ 26.Ke2 e5 27.Rd2 Rf4 28.Kd1  1-0

[Event "Sitges op"]
[Site "Sitges"]
[Date "1997.??.??"]
[Round "5"]
[White "Mitkov, Nikola"]
[Black "Dominguez Sanz, Juan P"]
[Result "1-0"]
[WhiteElo "2475"]
[BlackElo "2235"]

1.e4 c5 2.Nc3 Nc6 3.Nf3 e6 4.d4 cxd4 5.Nxd4 a6 6.Be3 Qc7 7.Bd3 Nf6 8.O-O b5
9.Nxc6 Qxc6 10.a3 Bb7 11.Re1 Qc7 12.Bd4 e5 13.Nd5 Nxd5 14.exd5 f6 15.Qh5+ Kd8
16.Rad1 Bc5 17.Bxc5 Qxc5 18.d6 Bd5 19.Bf5 Ra7 20.Qg4 Kc8 21.Re3 g6 22.Rc3 Bc4
23.Bd3 Kd8 24.Bxc4 bxc4 25.Rxc4 h5 26.Qe4  1-0